LEADER 01111nam a2200253 i 4500 001 000000206066 003 CaOOAMICUS 005 20251029161802.0 008 110916s1949 it u000 u ita u 013 $a184816 040 $aSeMil$bita 100 1 $aSalvatorelli, Luigi <1886-1974>.$0(OLS)http://semarc/name/89169 245 13$aLa rivoluzione europea [1848-1849] /$cLuigi Salvatorelli. 260 $aMilano ; Roma :$bRizzoli,$ccopyr. 1949. 300 $a350 p. ;$c22 cm. 490 0 $aLa Seconda Guerra Mondiale : Collezione di memorie, diari e studi 650 4$aGuerre d'indipendenza italiane <1848-1866> - 1. 1848-1849.$0(OLS)http://semarc/subject/44848 650 4$aMoti del 1848 - Europa.$0(OLS)http://semarc/subject/38716 830 3$aLa Seconda Guerra Mondiale.$0(OLS)http://semarc/title/33803 850 $aSeMil 852 $aSeMil$W1$xVenegono$y1$m3U III 147$j156549$B156549$CSeMilBibl$Z2$F167816 $81 996 $6245$aLa rivoluzione europea [1848-1849]$9(OLS)http://semarc/title/298175 996 $6260$aMilano ; Roma :$bRizzoli$9(OLS)http://semarc/publisher/33113 LEADER 01190nam a2200289 i 4500 001 000000117707 003 CaOOAMICUS 005 20050718000000.0 008 050718s1971 it u000 u ita u 013 $a90396 040 $aSeMil$bita 100 1 $aBenjamin, Walter,$d<1892-1940>.$0(OLS)http://semarc/name/7598 240 10$aStädtebilder.$0(OLS)http://semarc/title/172831 245 10$aImmagini di cittą /$cWalter Benjamin ; nota di Peter Szondi ; traduzione di Marisa Bertolini. 260 $aTorino :$bGiulio Einaudi,$ccopyr. 1971. 300 $a120 p. ;$c21 cm. 490 0 $aEinaudi Letteratura ;$v20 500 $aDalla Biblioteca del Card. Giovanni Colombo. 700 1 $aBertolini, Marisa.$0(OLS)http://semarc/name/49126 700 1 $aSzondi, Peter.$0(OLS)http://semarc/name/44578 830 0$aEinaudi Letteratura ;$v20.$0(OLS)http://semarc/title/8393 850 $aSeMil 852 $aSeMil$W1$xVenegono$y1$m1V V 115$j73069$B73069$CSeMilBibl$Z2$F100417 $81 941 1 $a3 961 $aLascito: Colombo Card. Giovanni 996 $6245$aImmagini di cittą$9(OLS)http://semarc/title/172830 996 $6260$aTorino :$bGiulio Einaudi$9(OLS)http://semarc/publisher/29810